01109nam a2200289Ia 4500001000700000003000500007008004100012010001100053020006900064040000900133082001400142100002300156240002100179245012300200250001600323260003000339300001100369500013300380503002900513504003800542650001900580650003300599650008600632700003200718700003700750700003200787Z_2721CHAP220113s1981 xx 000 0 und d a165782 a0-13-879783-8 (obra original) \ 968-26-022-9 (obra en español) cCHAP a636.4 B85 aBundy, Clarence E. aSwine production aProducción porcina /c Clarence E. Bundy, Ronald V. Diggins y Virgil W. Christensen; traductor Manuel Barberan Roda aReimpresion aMéxico :bCECSA,c1981 a430 p. aTraduccion de la obra en íngles: Swine production. La biblioteca cuenta con la 2a reimpresion de 1982 y 4a reimpresion de 1984 aej.1: s/n \ ej.2: 130885 aIncluye bibliografía e índice aGanado porcino aGanado porcinoxProducción aGanado porcinoxRazasGanado porcinoxReproducciónGanado porcinoxAlimentación a Barberan Roda, Manuel, tr. a Christensen, Virgil W., coaut.  aDiggins, Ronald V., coaut.